[Event "POHÁR města Říčany 2023"]
[Site "Městské kulturní středisko U labutě"]
[Date "2023.08.28"]
[Round "4.20"]
[White "Tichy, Tomas"]
[Black "Benes, Jachym"]
[Result "0-1"]
[WhiteElo "1634"]
[BlackElo "1914"]
[WhiteFideId "23715430"]
[BlackFideId "23710870"]
[PlyCount "0"]
[EventDate "2023.08.26"]

1. e4 e6 2. Nf3 d5 3. Nc3 d4 4. Ne2 Nc6 5. c3 e5 6. cxd4 exd4 7. Nf4 Bd6 8. d3
Bg4 9. h3 Bxf3 10. Qxf3 Nf6 11. Bd2 Qe7 12. a3 Nd7 13. g3 Nc5 14. Qd1 O-O
15. Bg2 a5 16. O-O a4 17. Rc1 Nb3 18. Rc2 Ne5 19. Nd5 Qd8 20. Be1 c6 21. f4 Nd7
22. Bb4 Bxb4 23. Nxb4 Rc8 24. g4 c5 25. Nd5 b5 26. g5 Nb6 27. h4 Nxd5 28. exd5
Qd6 29. Be4 f5 30. Bf3 Qxf4 31. Re2 Qxh4 32. d6 Qg3+ 33. Kh1 Qxd6 34. Qe1 c4
35. Re6 Qd8 36. Qe5 Rc5 37. Qe2 Qxg5 38. Rg1 Qh4+ 39. Kg2 f4 40. Re8 Rd5 41. Kf1
Nd2+ 42. Qxd2 0-1

[Event "POHÁR města Říčany 2023"]
[Site "Městské kulturní středisko U labutě"]
[Date "2023.08.28"]
[Round "4.21"]
[White "Skala, Jaromir"]
[Black "Konvalinka, Vladislav"]
[Result "1/2-1/2"]
[WhiteElo "1895"]
[BlackElo "1705"]
[WhiteFideId "325805"]
[BlackFideId "342955"]
[PlyCount "0"]
[EventDate "2023.08.26"]

1. d4 d5 2. Nf3 e6 3. g3 Nf6 4. Bg2 Be7 5. b3 Nbd7 6. Bb2 c6 7. O-O O-O 8. c4
b6 9. Nc3 Ba6 10. cxd5 cxd5 11. Re1 Rc8 12. Rc1 Bb4 13. a3 Bd6 14. Nd2 Be7
15. Nf3 Bd6 16. Nd2 Be7 17. Nf3 Bd6 18. Nd2 Be7 19. Nf3 1/2-1/2

[Event "POHÁR města Říčany 2023"]
[Site "Městské kulturní středisko U labutě"]
[Date "2023.08.28"]
[Round "4.22"]
[White "Salac, Jiri"]
[Black "Stork, Rostislav"]
[Result "1/2-1/2"]
[WhiteElo "1885"]
[BlackElo "1723"]
[WhiteFideId "303992"]
[BlackFideId "354988"]
[PlyCount "0"]
[EventDate "2023.08.26"]

1. d4 Nf6 2. Bf4 c6 3. c3 g6 4. Nd2 d5 5. h3 Bg7 6. Ngf3 O-O 7. e3 Qb6 8. Qb3
Bf5 9. Nh4 Be6 10. Bd3 Nbd7 11. Nhf3 Rac8 12. O-O c5 13. Qxb6 Nxb6 14. a4 cxd4
15. exd4 Nc4 16. Nxc4 dxc4 17. Bc2 Bd5 18. Ne5 Rfd8 19. Rfe1 e6 20. g4 Nd7
21. Nxd7 Rxd7 22. Be5 b6 23. Bxg7 Kxg7 24. f4 h6 25. h4 Bf3 26. Bd1 Bxd1
27. Raxd1 Rd5 28. Re5 Rcd8 29. Rde1 h5 30. gxh5 gxh5 31. Kf2 Kh7 32. Kf3 Rxe5
33. Rxe5 Rd5 34. Ke4 Rxe5+ 35. dxe5 Kg6 36. Kd4 Kf5 37. Kxc4 Kg4 38. Kd4 Kxh4
39. b4 Kg4 40. c4 h4 41. c5 bxc5+ 42. bxc5 h3 43. c6 h2 44. c7 h1=Q 45. c8=Q
Qd1+ 46. Ke3 Qxa4 1/2-1/2

[Event "POHÁR města Říčany 2023"]
[Site "Městské kulturní středisko U labutě"]
[Date "2023.08.28"]
[Round "4.23"]
[White "Voracek, Zdenek"]
[Black "Horyna, Josef"]
[Result "1-0"]
[WhiteElo "1882"]
[BlackElo "1689"]
[WhiteFideId "331880"]
[BlackFideId "316369"]
[PlyCount "0"]
[EventDate "2023.08.26"]

1. d4 Nf6 2. c4 g6 3. Nc3 Bg7 4. e4 d6 5. f3 O-O 6. Be3 Nbd7 7. Bd3 e5 8. Nge2
c5 9. dxc5 dxc5 10. Qd2 Qa5 11. O-O Nb8 12. a3 Nc6 13. Rfb1 Nd4 14. b4 cxb4
15. axb4 Qd8 16. Ra5 Be6 17. Nd5 b6 18. Ra2 Bxd5 19. cxd5 Nxe2+ 20. Qxe2 Qe7
21. Bb5 Rac8 22. Bc6 Rc7 23. Ra4 Ne8 24. Bd2 Nd6 25. b5 Rd8 26. Bb4 Bf8 27. Rba1
f5 28. Qa2 Qf7 29. exf5 gxf5 30. Bc3 Bg7 31. Rxa7 Rxa7 32. Qxa7 Qxa7 33. Rxa7
Nc4 34. Kf2 f4 35. Ke2 Ne3 36. d6 Rxd6 37. Rxg7+ Kxg7 38. Bxe5+ Rf6 39. g3 Nc4
40. Bxf6+ Kxf6 41. gxf4 Nd6 42. Ke3 Nf5+ 43. Ke4 h6 44. Bd7 Nh4 45. Bh3 Ng6
46. Bg4 Ne7 47. h4 Ng6 48. h5 Ne7 49. Bh3 Ng8 50. Kd5 Ne7+ 1-0

[Event "POHÁR města Říčany 2023"]
[Site "Městské kulturní středisko U labutě"]
[Date "2023.08.28"]
[Round "4.24"]
[White "Svadlenka, Michal"]
[Black "Andrle, Filip"]
[Result "0-1"]
[WhiteElo "1556"]
[BlackElo "1848"]
[WhiteFideId "23717068"]
[BlackFideId "23718749"]
[PlyCount "0"]
[EventDate "2023.08.26"]

1. e4 c5 2. Nf3 Nc6 3. d4 cxd4 4. Nxd4 Nf6 5. Nc3 d6 6. Bg5 e6 7. Bc4 a6 8. f4
Be7 9. Qd2 Nxd4 10. Qxd4 b5 11. Bb3 Bb7 12. O-O-O h6 13. Bxf6 Bxf6 14. Qe3 Qc7
15. Rhe1 Rc8 16. Rd3 Qc5 17. g3 Qxe3+ 18. Rexe3 Ke7 19. Ne2 Rc5 20. c3 Rhc8
21. h4 g6 22. Kd2 a5 23. a3 b4 24. axb4 axb4 25. cxb4 Rb5 26. Nd4 Rxb4 27. e5
dxe5 28. fxe5 Bg7 29. Re2 Ba6 30. Bc2 Bxd3 31. Kxd3 Rd8 32. Re4 f5 33. Kc3 0-1

[Event "POHÁR města Říčany 2023"]
[Site "Městské kulturní středisko U labutě"]
[Date "2023.08.28"]
[Round "4.25"]
[White "Maslo, Ondrej"]
[Black "Stufka, Martin"]
[Result "1-0"]
[WhiteElo "1848"]
[BlackElo "1258"]
[WhiteFideId "368440"]
[BlackFideId "23748800"]
[PlyCount "0"]
[EventDate "2023.08.26"]

1. e4 c6 2. d4 d5 3. e5 Bf5 4. h4 h5 5. Bd3 Bxd3 6. Qxd3 e6 7. Nf3 Nd7 8. Ng5
c5 9. Nxe6 fxe6 10. Qg6+ Ke7 11. Bg5+ Ngf6 12. O-O cxd4 13. f4 Qb6 14. Nd2 d3+
15. Kh1 dxc2 16. Rae1 Qxb2 17. Nf3 Rc8 18. f5 Rc6 19. exf6+ gxf6 20. Ne5 Kd6
21. Bc1 Nxe5 22. Qxf6 Qd4 23. Rxe5 Kd7 1-0

[Event "POHÁR města Říčany 2023"]
[Site "Městské kulturní středisko U labutě"]
[Date "2023.08.28"]
[Round "4.26"]
[White "Strnadova, Monika"]
[Black "Cabela, Filip"]
[Result "1/2-1/2"]
[WhiteElo "1833"]
[BlackElo "1631"]
[WhiteFideId "23701668"]
[BlackFideId "23753552"]
[PlyCount "0"]
[EventDate "2023.08.26"]

1. e4 e5 2. Nf3 Nc6 3. Bc4 Nf6 4. d3 h6 5. O-O d6 6. h3 g5 7. Nh2 Rg8 8. f3 Ne7
9. Ng4 Ng6 10. d4 exd4 11. Qxd4 Bg7 12. Nxf6+ Qxf6 13. Qxf6 Bxf6 14. Nc3 c6
15. a4 a5 16. Be3 Be5 17. Rad1 Be6 18. Bxe6 fxe6 19. Bd4 Ke7 20. Bxe5 Nxe5
21. b3 Raf8 22. Ne2 Ng6 23. Rd2 Nf4 24. Nxf4 gxf4 25. Rfd1 Rd8 26. c4 Rg5
27. Rc2 c5 28. Rcd2 1/2-1/2

[Event "POHÁR města Říčany 2023"]
[Site "Městské kulturní středisko U labutě"]
[Date "2023.08.28"]
[Round "4.27"]
[White "Cervenka, Petr"]
[Black "Rossler, Erik"]
[Result "1/2-1/2"]
[WhiteElo "1869"]
[BlackElo "1394"]
[WhiteFideId "312444"]
[BlackFideId "23719761"]
[PlyCount "0"]
[EventDate "2023.08.26"]

1. e4 c5 2. Nc3 Nc6 3. g3 g6 4. Bg2 d6 5. d3 Bg7 6. f4 e5 7. Nf3 Nge7 8. h3 O-O
9. O-O f5 10. Be3 Nd4 11. Qd2 Rb8 12. fxe5 dxe5 13. Bh6 Qd6 14. Bxg7 Kxg7
15. exf5 gxf5 16. Qg5+ Ng6 17. Rae1 h6 18. Qh5 b5 19. Rf2 b4 20. Nxd4 cxd4
21. Nb1 Be6 22. Nd2 Rbc8 23. g4 fxg4 24. Be4 Nf4 25. Rxf4 Rxf4 26. Qg6+ Kf8
27. Qxh6+ Ke7 28. Qg7+ Rf7 29. Qg5+ Kd7 30. Bg6 Rg8 31. Ne4 Qf8 32. h4 Rf5
33. Bxf5 Rxg5 34. Bxe6+ Kxe6 35. hxg5 Qh8 36. Rf1 Qh3 37. g6 Qe3+ 38. Kg2 Qh3+
39. Kg1 Qe3+ 1/2-1/2

[Event "POHÁR města Říčany 2023"]
[Site "Městské kulturní středisko U labutě"]
[Date "2023.08.28"]
[Round "4.28"]
[White "Vit, Zdenek"]
[Black "Svetly, Jiri"]
[Result "0-1"]
[WhiteElo "1654"]
[BlackElo "1850"]
[WhiteFideId "23706830"]
[BlackFideId "316032"]
[PlyCount "0"]
[EventDate "2023.08.26"]

1. e4 d6 2. d4 Nf6 3. Nc3 g6 4. f3 Bg7 5. Bd3 Nc6 6. Be3 e5 7. Bb5 exd4 8. Bxd4
Bd7 9. Bxc6 Bxc6 10. Qd2 O-O 11. Nge2 b5 12. O-O b4 13. Nd5 Bb5 14. Rfd1 Bxe2
15. Qxe2 Nxd5 16. exd5 0-1

[Event "POHÁR města Říčany 2023"]
[Site "Městské kulturní středisko U labutě"]
[Date "2023.08.28"]
[Round "4.29"]
[White "Jirousek, Tadeas"]
[Black "Sadil, Pavel"]
[Result "1-0"]
[WhiteElo "1791"]
[BlackElo "1615"]
[WhiteFideId "382353"]
[BlackFideId "23710373"]
[PlyCount "0"]
[EventDate "2023.08.26"]

1. d4 d5 2. Nf3 Nf6 3. e3 b6 4. Bd3 Bb7 5. O-O e6 6. b3 Be7 7. Bb2 Nbd7 8. Ne5
O-O 9. f4 c5 10. Nd2 Rc8 11. f5 a6 12. a4 Nb8 13. Qe1 Nc6 14. fxe6 fxe6 15. Nxc6
Bxc6 16. Bxa6 Rc7 17. Bd3 Bd6 18. Qh4 h6 19. e4 cxd4 20. Bxd4 dxe4 21. Nxe4
Bxh2+ 22. Kxh2 Qxd4 23. Nxf6+ Qxf6 24. Rxf6 Rxf6 25. a5 bxa5 26. Rxa5 Rcf7
27. Rc5 Be8 28. Rc8 Rf8 29. Qe4 g6 30. Bc4 Bd7 31. Rxf8+ Kxf8 32. b4 Ke7 33. b5
Rf5 34. b6 Kd6 35. b7 Kc7 36. Bxe6 Rh5+ 37. Bh3 Bxh3 38. gxh3 Rc5 39. b8=Q+ Kxb8
40. Qb4+ 1-0

[Event "POHÁR města Říčany 2023"]
[Site "Městské kulturní středisko U labutě"]
[Date "2023.08.28"]
[Round "4.30"]
[White "Ocelak, David"]
[Black "Sedlak, Milan"]
[Result "0-1"]
[WhiteElo "1640"]
[BlackElo "1785"]
[WhiteFideId "23728795"]
[BlackFideId "23746149"]
[PlyCount "0"]
[EventDate "2023.08.26"]

1. e4 Nf6 2. e5 Nd5 3. c4 Nb6 4. d4 d6 5. exd6 cxd6 6. Nf3 g6 7. Be2 Bg7 8. O-O
O-O 9. Nc3 Nc6 10. Be3 Bg4 11. b3 d5 12. c5 Nc8 13. Rb1 a5 14. a3 b6 15. b4 axb4
16. axb4 bxc5 17. bxc5 Bxf3 18. Bxf3 e6 19. Qd2 N8e7 20. Rfd1 Nf5 21. Nb5 Ra4
22. Qc2 Rc4 23. Qxc4 dxc4 24. Bxc6 Qc8 25. Be4 Rd8 26. Bxf5 gxf5 27. f3 Qa6
28. Rdc1 Rb8 29. Nc7 Qa7 30. Nb5 Qa5 31. Nd6 Rxb1 32. Rxb1 f4 33. Bf2 c3 34. Be1
Bxd4+ 35. Kh1 Qxc5 36. Ne4 c2 37. Rc1 0-1

[Event "POHÁR města Říčany 2023"]
[Site "Městské kulturní středisko U labutě"]
[Date "2023.08.28"]
[Round "4.31"]
[White "Osipyan, David"]
[Black "Petrun, Milan"]
[Result "0-1"]
[WhiteElo "1555"]
[BlackElo "1784"]
[WhiteFideId "23751827"]
[BlackFideId "332267"]
[PlyCount "0"]
[EventDate "2023.08.26"]

1. e4 c5 2. Be2 Nc6 3. f4 g6 4. Nf3 Bg7 5. d3 e6 6. c3 Nge7 7. Be3 b6 8. O-O
Bb7 9. Nbd2 d6 10. d4 O-O 11. Rc1 Qd7 12. Nb3 Qe8 13. Qd2 f5 14. e5 cxd4
15. cxd4 dxe5 16. fxe5 Nd5 17. Bh6 Rc8 18. a3 Nce7 19. Rxc8 Bxc8 20. Rc1 f4
21. Bxg7 Kxg7 22. Na1 Bd7 23. Bc4 Qa8 24. b3 h6 25. h4 Ne3 26. Nc2 Nxc4 27. bxc4
Bc6 28. Nce1 Qd8 29. Rd1 Rf5 30. Kf2 g5 31. hxg5 hxg5 32. Nh2 Ba4 33. Rb1 Rxe5
34. Qb2 Re3 35. Ng4 Rb3 36. Qe2 Qxd4+ 0-1

[Event "POHÁR města Říčany 2023"]
[Site "Městské kulturní středisko U labutě"]
[Date "2023.08.28"]
[Round "4.32"]
[White "Sadil, Antonin"]
[Black "Slivova, Linda"]
[Result "1-0"]
[WhiteElo "1774"]
[BlackElo "1586"]
[WhiteFideId "23735597"]
[BlackFideId "23709294"]
[PlyCount "0"]
[EventDate "2023.08.26"]

1. e4 c6 2. d4 d5 3. exd5 cxd5 4. Bd3 Nc6 5. c3 Nf6 6. h3 g6 7. Nf3 Bf5 8. Bxf5
gxf5 9. Bf4 e6 10. Nbd2 Bd6 11. Bxd6 Qxd6 12. Qe2 a6 13. Ne5 Ke7 14. f3 b5
15. Nb3 Nd7 16. Nxd7 Qxd7 17. Nc5 Qd6 18. O-O-O b4 19. Kc2 bxc3 20. bxc3 Na5
21. Rb1 Rhb8 22. Rxb8 Rxb8 23. Qxa6 Qxa6 24. Nxa6 Ra8 25. Nb4 Nc4 26. Re1 Kd6
27. g4 f4 28. Re2 f6 29. Kc1 Ra3 30. Kc2 Ne3+ 31. Kd3 Nd1 32. Rc2 Ne3 33. Rb2
Nd1 34. Rb3 Ra4 35. h4 Ra7 36. Kc2 Ne3+ 37. Kb1 Ng2 38. Nd3 Ra6 39. h5 Ra7
40. Rb6+ Ke7 41. Kb2 Kf7 42. Kb3 Re7 43. a4 e5 44. dxe5 fxe5 45. Nb4 e4 46. fxe4
dxe4 47. Nd5 f3 48. Rf6+ Kg7 49. h6+ Kg8 50. Nxe7+ Kh8 51. Rf8# 1-0

[Event "POHÁR města Říčany 2023"]
[Site "Městské kulturní středisko U labutě"]
[Date "2023.08.28"]
[Round "4.33"]
[White "Dudarec, Elias"]
[Black "Steiner, Juraj"]
[Result "1/2-1/2"]
[WhiteElo "1380"]
[BlackElo "1772"]
[WhiteFideId "23714930"]
[BlackFideId "367516"]
[PlyCount "0"]
[EventDate "2023.08.26"]

1. e4 c6 2. d4 d5 3. exd5 cxd5 4. Bd3 Nc6 5. c3 Nf6 6. h3 g6 7. Nf3 Qc7 8. O-O
Bf5 9. Re1 e6 10. Ne5 Nxe5 11. dxe5 Nd7 12. Bf4 Bc5 13. Bxf5 gxf5 14. b4 Be7
15. Qf3 Nf8 16. Nd2 Ng6 17. Bg3 Rg8 18. Qe3 f4 19. Bxf4 Nxf4 20. Qxf4 Bg5
21. Qd4 Rc8 22. f4 Bd8 23. Rac1 Qc6 24. Qd3 d4 25. Nf3 dxc3 26. Qxh7 Kf8 27. Qe4
Qb5 28. Kh1 Be7 29. a3 a5 30. Nd4 Qa4 31. Qb1 Rc7 32. Qe4 axb4 33. axb4 Qxb4
34. Nc2 Qxe4 35. Rxe4 Bh4 36. g4 Ke7 37. g5 Rd8 38. Rd4 Rxd4 39. Nxd4 Rc4
40. Ne2 Re4 41. Rc2 Be1 42. Kg2 Rxe2+ 43. Rxe2 Bd2 44. Re4 c2 45. Rc4 c1=Q
46. Rxc1 Bxc1 47. Kg3 Kf8 48. h4 Kg7 1/2-1/2

[Event "POHÁR města Říčany 2023"]
[Site "Městské kulturní středisko U labutě"]
[Date "2023.08.28"]
[Round "4.34"]
[White "Stufka, Karel"]
[Black "Kubicek, Daniel"]
[Result "0-1"]
[WhiteElo "1730"]
[BlackElo "1561"]
[WhiteFideId "303127"]
[BlackFideId "23718838"]
[PlyCount "0"]
[EventDate "2023.08.26"]

1. d4 f5 2. c4 e6 3. g3 Nf6 4. Bg2 d5 5. Nc3 c6 6. b3 Nbd7 7. Nf3 Bd6 8. O-O
O-O 9. Bb2 f4 10. Re1 fxg3 11. hxg3 Ng4 12. Bh3 Ndf6 13. Kg2 Bxg3 14. Bxg4 Nxg4
15. Kxg3 Qd6+ 16. Kg2 Rxf3 17. Kxf3 Qh2 18. Rf1 Qh3+ 19. Kf4 Bd7 0-1

[Event "POHÁR města Říčany 2023"]
[Site "Městské kulturní středisko U labutě"]
[Date "2023.08.28"]
[Round "4.35"]
[White "Koper, Stefan"]
[Black "Kammova, Katerina"]
[Result "1-0"]
[WhiteElo "1720"]
[BlackElo "1487"]
[WhiteFideId "306606"]
[BlackFideId "23737336"]
[PlyCount "0"]
[EventDate "2023.08.26"]

1. d4 e6 2. Nf3 Nf6 3. Bg5 h6 4. Bh4 Be7 5. e3 O-O 6. c4 b6 7. Nc3 Bb7 8. Bd3
d6 9. O-O Nbd7 10. Nd2 c5 11. Qe2 d5 12. cxd5 Nxd5 13. Bg3 cxd4 14. exd4 N7f6
15. a3 Rc8 16. Nce4 Qd7 17. Be5 Qd8 18. Rfc1 Qd7 19. Ng3 Qd8 20. Nge4 Nd7
21. Qg4 N5f6 22. Qe2 Nxe4 23. Nxe4 Nf6 24. Ng3 Qd7 25. a4 Qd5 26. f3 Qd7 27. a5
Nd5 28. axb6 axb6 29. Ra7 Ra8 30. Rxa8 Rxa8 31. Nh5 Nf6 32. Bxf6 Bxf6 33. Nxf6+
gxf6 34. Qe3 Kg7 35. Qf4 Ra5 36. h4 Qd8 37. Re1 e5 38. Qg4+ Kh8 39. Kh2 Qxd4
40. Be4 f5 41. Qxf5 Bxe4 42. Qf6+ 1-0

[Event "POHÁR města Říčany 2023"]
[Site "Městské kulturní středisko U labutě"]
[Date "2023.08.28"]
[Round "4.36"]
[White "Verner, Matej"]
[Black "Glasberger, Roman"]
[Result "1-0"]
[WhiteElo "1698"]
[BlackElo "1555"]
[WhiteFideId "23729236"]
[BlackFideId "398799"]
[PlyCount "0"]
[EventDate "2023.08.26"]

1. e4 c5 2. Nf3 d6 3. d4 cxd4 4. Nxd4 Nf6 5. Nc3 a6 6. Bg5 e6 7. f4 Be7 8. Qf3
Nbd7 9. O-O-O Qc7 10. Bd3 O-O 11. g4 e5 12. Nf5 Nc5 13. Bxf6 Bxf6 14. Nd5 Qa5
15. Nxf6+ gxf6 16. Qh3 Nxd3+ 17. Rxd3 Kh8 18. Qh6 Bxf5 19. Qxf6+ Kg8 20. gxf5
1-0

[Event "POHÁR města Říčany 2023"]
[Site "Městské kulturní středisko U labutě"]
[Date "2023.08.28"]
[Round "4.37"]
[White "Pavlicek, Petr"]
[Black "Pogorelskiy, Boris"]
[Result "1/2-1/2"]
[WhiteElo "1688"]
[BlackElo "1445"]
[WhiteFideId "325163"]
[BlackFideId "34365478"]
[PlyCount "0"]
[EventDate "2023.08.26"]

1. e4 c5 2. Nf3 e6 3. d4 cxd4 4. Nxd4 Qc7 5. Nc3 a6 6. g3 Bb4 7. Bd2 Nf6 8. Bg2
Nc6 9. Nb3 b5 10. O-O Be7 11. Bf4 e5 12. Be3 d5 13. h3 O-O 14. a3 Na5 15. Nxa5
Qxa5 16. Qd2 Qc7 17. Bg5 Be6 18. Rfd1 Rfd8 19. Bxf6 Bxf6 20. Rac1 h6 21. h4 Rac8
22. Nxd5 Bxd5 23. Qxd5 Qc6 24. c4 Qxd5 25. Rxd5 g5 26. hxg5 Bxg5 27. Rcd1 Rc6
28. Bf1 Kg7 29. Kg2 Kg6 30. Be2 f5 31. f3 f4 1/2-1/2

[Event "POHÁR města Říčany 2023"]
[Site "Městské kulturní středisko U labutě"]
[Date "2023.08.28"]
[Round "4.38"]
[White "Vajdik, Josef"]
[Black "Langmaier, Michal"]
[Result "0-1"]
[WhiteElo "1377"]
[BlackElo "1662"]
[WhiteFideId "23716606"]
[BlackFideId "23727705"]
[PlyCount "0"]
[EventDate "2023.08.26"]

1. Nf3 d5 2. d4 Nf6 3. e3 e6 4. c4 Be7 5. Nc3 O-O 6. a3 Nbd7 7. b4 dxc4 8. Bxc4
b6 9. O-O Bb7 10. Qe2 c5 11. b5 Rc8 12. Nd2 Qc7 13. Bb2 Bd6 14. h3 Qd8 15. Nb3
Qe7 16. Rfd1 cxd4 17. Nxd4 Rfd8 18. a4 Bb4 19. Rac1 Bc5 20. Nb3 Bd6 21. Bd3 Ne5
22. Bb1 Nc4 23. Ba1 h6 24. Bd3 Ne5 25. Bb1 Nh7 26. f4 Nd7 27. Qb2 Nhf6 28. Qe2
Nc5 29. Nxc5 Bxc5 30. Rxd8+ Rxd8 31. Rd1 Qc7 32. Rxd8+ Qxd8 33. Ba2 Qd6 34. Kh1
Qc7 35. e4 0-1

[Event "POHÁR města Říčany 2023"]
[Site "Městské kulturní středisko U labutě"]
[Date "2023.08.28"]
[Round "4.39"]
[White "Studzinski, David"]
[Black "Lavrincik, Pavel"]
[Result "0-1"]
[WhiteElo "1262"]
[BlackElo "1657"]
[WhiteFideId "376027"]
[BlackFideId "320188"]
[PlyCount "0"]
[EventDate "2023.08.26"]

1. Nf3 d6 2. d4 Nf6 3. e3 g6 4. Bd3 Bg7 5. O-O O-O 6. c4 Nbd7 7. Nc3 e5 8. dxe5
dxe5 9. Ne4 Nxe4 10. Bxe4 Nc5 11. Bc2 a5 12. a4 Be6 13. Nd2 Qe7 14. Qe2 Rad8
15. Ne4 Na6 16. b3 f5 17. Ba3 Nb4 18. Ng3 h5 19. f4 h4 20. Nh1 exf4 21. Rad1
Rxd1 22. Rxd1 Qc5 23. Bxb4 axb4 24. Re1 Qxe3+ 25. Qxe3 fxe3 26. Kf1 Bd4 27. Ke2
Kg7 28. Rd1 c5 29. h3 f4 30. Be4 b6 31. Rf1 g5 32. Rd1 Rd8 33. Kf3 Bf7 34. Kg4
Kf6 35. Bd3 Rh8 0-1

[Event "POHÁR města Říčany 2023"]
[Site "Městské kulturní středisko U labutě"]
[Date "2023.08.28"]
[Round "4.40"]
[White "Hosova, Sandra"]
[Black "Gacho, Ondrej"]
[Result "1-0"]
[WhiteElo "1898"]
[BlackElo "1659"]
[WhiteFideId "397717"]
[BlackFideId "23718102"]
[PlyCount "0"]
[EventDate "2023.08.26"]

1. d4 d5 2. c4 e6 3. Nc3 Nf6 4. Nf3 c5 5. Bg5 cxd4 6. Nxd4 Be7 7. cxd5 Nxd5
8. Bxe7 Nxe7 9. e3 O-O 10. Qc2 Nbc6 11. Rd1 Nxd4 12. Rxd4 Qa5 13. Bd3 h6 14. O-O
Nc6 15. Ra4 Qc7 16. Qe2 a6 17. Qh5 Rd8 18. Bb1 e5 19. f4 Be6 20. f5 Bd7 21. f6
Qd6 22. fxg7 Qe6 23. Ne4 Kxg7 24. Rf6 Qxf6 25. Nxf6 Kxf6 26. Qxh6+ Ke7 27. Qg5+
f6 28. Qg7+ Ke6 29. a3 Ne7 30. Ba2+ Nd5 31. e4 Bxa4 32. Bxd5+ Rxd5 33. exd5+
Kxd5 34. Qxb7+ Bc6 35. Qb3+ Kc5 36. Qf7 e4 37. Kf2 Rd8 38. Qxf6 Rd2+ 39. Ke3
Rd3+ 40. Kf2 Rd2+ 41. Ke1 Rxg2 42. Qe5+ Kc4 43. b3+ Kxb3 44. Qe6+ Kb2 45. Qxc6
Rxh2 46. Qxe4 Rc2 47. Qb4+ Ka2 48. a4 Rb2 49. Qc4+ Ka3 50. Qxa6 Rb4 51. a5 Ra4
52. Qb6 Re4+ 53. Kd2 Ra4 54. a6 Ka2 55. a7 Ka1 56. Qb8 Ra2+ 57. Kc3 1-0

[Event "POHÁR města Říčany 2023"]
[Site "Městské kulturní středisko U labutě"]
[Date "2023.08.28"]
[Round "4.41"]
[White "Sedmihradsky, Tomas"]
[Black "Dudkova, Josefina"]
[Result "1/2-1/2"]
[WhiteElo "1768"]
[BlackElo "1587"]
[WhiteFideId "23709936"]
[BlackFideId "23712350"]
[PlyCount "0"]
[EventDate "2023.08.26"]

1. d4 Nf6 2. c4 e6 3. a3 d5 4. Nc3 Be7 5. Nf3 O-O 6. Bf4 c6 7. e3 b6 8. cxd5
exd5 9. Bd3 Bg4 10. O-O Bd6 11. h3 Bh5 12. Rc1 Re8 13. g4 Bg6 14. Ne5 Bxe5
15. Bxe5 Nbd7 16. f4 Bxd3 17. Qxd3 Rc8 18. Qf5 Ne4 19. Nxe4 dxe4 20. g5 c5
21. Rfd1 g6 22. Qxe4 Qe7 23. Rd3 cxd4 24. Rxc8 Rxc8 25. exd4 f6 26. Qd5+ Qf7
27. Qxf7+ Kxf7 28. gxf6 Nxf6 29. Rc3 Rd8 30. Rc7+ Rd7 31. Rxd7+ Nxd7 32. d5 b5
33. Kf2 Nb6 34. d6 Ke6 35. Kf3 Nc4 36. Kg4 h6 37. h4 Ne3+ 38. Kf3 Nf5 39. Kg4
1/2-1/2

[Event "POHÁR města Říčany 2023"]
[Site "Městské kulturní středisko U labutě"]
[Date "2023.08.28"]
[Round "4.42"]
[White "Moravec, Marek"]
[Black "Meca, Viktor st."]
[Result "1/2-1/2"]
[WhiteElo "1449"]
[BlackElo "1755"]
[WhiteFideId "23764155"]
[BlackFideId "23725672"]
[PlyCount "0"]
[EventDate "2023.08.26"]

1. e4 c5 2. Nc3 d6 3. Bb5+ Nc6 4. b3 Nf6 5. Nf3 Bd7 6. O-O a6 7. Bxc6 Bxc6
8. Re1 e6 9. d4 cxd4 10. Nxd4 Qc7 11. Nxc6 Qxc6 12. Bb2 Be7 13. Qf3 O-O 14. Rad1
Rfd8 15. h3 Rac8 16. Re3 b5 17. Rd2 b4 18. Ne2 e5 19. Ng3 Bf8 20. a3 a5 21. axb4
axb4 22. c3 bxc3 23. Rxc3 Qb7 24. Rcd3 Rd7 25. Ba3 Rcd8 26. Kh2 h6 27. Qe3 d5
28. Bxf8 Kxf8 29. exd5 Rxd5 30. Rxd5 Rxd5 31. Rxd5 Qxd5 32. Qb6 Kg8 33. Nf5 Kh7
34. b4 Qe4 35. Ng3 Qf4 36. b5 e4 37. Qe3 Qb8 38. b6 g6 39. Kg1 Nd7 40. Nxe4 Qxb6
41. Qd3 Qe6 42. Qd4 Ne5 43. f4 Nd7 1/2-1/2

[Event "POHÁR města Říčany 2023"]
[Site "Městské kulturní středisko U labutě"]
[Date "2023.08.28"]
[Round "4.43"]
[White "Cizek, Jan"]
[Black "Petr, Jakub"]
[Result "0-1"]
[WhiteElo "1515"]
[BlackElo "2238"]
[WhiteFideId "23745703"]
[BlackFideId "371718"]
[PlyCount "0"]
[EventDate "2023.08.26"]

1. e4 c5 2. Nf3 Nc6 3. d4 cxd4 4. Nxd4 Nf6 5. Nc3 e5 6. Ndb5 d6 7. Bg5 a6
8. Na3 b5 9. Nd5 Be7 10. Bxf6 Bxf6 11. c3 Bg5 12. Nc2 Rb8 13. Bd3 O-O 14. h4 Bh6
15. Qh5 Be6 16. g4 Bf4 17. g5 Re8 18. Nce3 Bxe3 19. Nxe3 b4 20. Bxa6 bxc3
21. Bc4 cxb2 22. Rb1 Qa5+ 23. Kf1 Bxc4+ 24. Nxc4 Qxa2 25. Nd2 Nd4 26. Qd1 Rec8
27. Kg2 Rc3 0-1

[Event "POHÁR města Říčany 2023"]
[Site "Městské kulturní středisko U labutě"]
[Date "2023.08.28"]
[Round "4.44"]
[White "Havelka, Petr"]
[Black "Sboev, Kirill"]
[Result "1-0"]
[WhiteElo "1782"]
[BlackElo "1542"]
[WhiteFideId "323560"]
[BlackFideId "23732245"]
[PlyCount "0"]
[EventDate "2023.08.26"]

1. d4 d5 2. c4 e6 3. Nc3 Nf6 4. Bg5 Nbd7 5. e3 c6 6. Bd3 Qa5 7. Bxf6 Nxf6
8. Ne2 Be7 9. O-O O-O 10. a3 Qc7 11. Qc2 Bd6 12. g3 dxc4 13. Bxc4 e5 14. Ne4
Nxe4 15. Qxe4 exd4 16. Nxd4 c5 17. Nb5 Qe7 18. Nxd6 Qxd6 19. Rfd1 Qf6 20. Rd2
Rb8 21. Rad1 b5 22. Bd3 g6 23. Be2 Bb7 24. Qc2 c4 25. Rd6 Qe5 26. R1d4 Rfe8
27. Qd2 Kg7 28. Rf4 g5 29. Rfd4 h6 30. Rd7 Qf5 31. Qc3 Kg8 32. Qc1 Re4 33. Rd8+
Rxd8 34. Rxd8+ Kh7 35. Qc3 Re5 36. f3 g4 37. e4 Qf6 38. Rd7 gxf3 39. Bxf3 Qb6+
40. Kg2 1-0